[Event "RUS-chT Men Rapid 2019"]
[Site "Sochi"]
[Date "2019.10.18"]
[Round "1.26"]
[White "Klimentov, Evgeny"]
[Black "Lugovskoy, Maxim"]
[Result "0-1"]
[WhiteElo "2199"]
[BlackElo "2436"]
[Annotator "TA"]
[PlyCount "40"]
[EventDate "2019.10.18"]
[EventType "swiss"]
[EventCountry "RUS"]
[SourceTitle "playchess.com"]
[Source "ChessBase"]
[SourceQuality "1"]

{[%evp 24,40,42,37,39,11,11,11,6,0,0,6,11,-578,-575,-572,-560,-535,-504]} 1. e4 e6 2. d4 d5 3. Nd2 Nf6 4. e5 Nfd7 5. Bd3 c5 6. c3 Nc6 7. Ne2 cxd4 8. cxd4 f6 9. exf6 Qxf6 10. Nf3 h6 11. O-O Bd6 12. Ng3 O-O 13. Bb1 Rf7 {C06: French Tarrasch: 3...Nf6 4 e5 Nfd7 5 Bd3 main lines} 14. Qd3 {[#] Qh7+ is the strong threat.} Nf8 $1 15. Re1 $146 ({Predecessor:} 15. a3 Rc7 16. Re1 Bd7 17. Nh5 Qf7 18. Ng3 Rac8 19. Bd2 Be8 20. Nf1 Qf6 21. Ne3 {0-1 (37) Claverie,R (2374)-Orsini,A (2352) La Plata 2009}) 15... Bd7 {The position is equal.} 16. a3 Be8 17. Qe3 Rc7 18. Nh5 $2 {[%mdl 8192]} (18. Bd2 $11 {and White has nothing to worry.}) 18... Bxh5 $19 {Black is clearly winning.} 19. Ne5 Nxe5 20. dxe5 {[#]} Qxe5 $1 0-1

[Event "RUS-chT Men Rapid 2019"]
[Site "Sochi"]
[Date "2019.10.18"]
[Round "1.27"]
[White "Vastrukhin, Oleg"]
[Black "Popov, Maksim M."]
[Result "1-0"]
[WhiteElo "2428"]
[BlackElo "2152"]
[Annotator "NA"]
[PlyCount "65"]
[EventDate "2019.10.18"]
[EventType "swiss"]
[EventCountry "RUS"]
[SourceTitle "playchess.com"]
[Source "ChessBase"]
[SourceQuality "1"]
[TimeControl "900+10"]

1. g3 {[%emt 0:00:00]} Nf6 {[%emt 0:00:00]} 2. Bg2 {[%emt 0:00:00]} d5 {[%emt 0:00:00]} 3. Nf3 {[%emt 0:00:00]} e6 {[%emt 0:00:00]} 4. O-O {[%emt 0:00:00]} c5 {[%emt 0:00:00]} 5. d4 {[%emt 0:00:09]} Nc6 {[%emt 0:00:14]} 6. c4 {[%emt 0:00:01]} cxd4 {[%emt 0:00:52]} 7. Nxd4 {[%emt 0:00:10]} Be7 {[%emt 0:00:36]} 8. Nc3 {[%emt 0:00:15]} O-O {[%emt 0:00:09]} 9. cxd5 {[%emt 0:00:47]} Nxd5 {[%emt 0:00:14]} 10. Nxd5 {[%emt 0:01:06]} exd5 {[%emt 0:00:03]} 11. Be3 {[%emt 0:00:08]} Be6 {[%emt 0:00:26]} 12. Rc1 {[%emt 0:00:07]} Rc8 {[%emt 0:01:42]} 13. Qa4 {[%emt 0:00:07]} Bf6 {[%emt 0:02:03]} 14. b3 {[%emt 0:01:00]} Qd7 {[%emt 0:00:25]} 15. Nxc6 {[%emt 0:00:10]} bxc6 {[%emt 0:00:08]} 16. Qxa7 {[%emt 0:00:01]} Qxa7 {[%emt 0:00:15]} 17. Bxa7 {[%emt 0:00:02]} Ra8 {[%emt 0:00:02]} 18. Bc5 {[%emt 0:00:02]} Rfb8 {[%emt 0:00:01]} 19. Rc2 {[%emt 0:01:24]} Bf5 {[%emt 0:00:06]} 20. e4 {[%emt 0:00:02]} dxe4 {[%emt 0:00:14]} 21. Be3 {[%emt 0:00:02]} h5 {[%emt 0:00:55]} 22. h3 {[%emt 0:00:11]} Rb4 {[%emt 0:00:53]} 23. Rd1 {[%emt 0:00:07]} Be6 {[%emt 0:00:32]} 24. Bc5 {[%emt 0:00:08]} Rb5 {[%emt 0:00:37]} 25. Bxe4 {[%emt 0:00:09]} Rba5 {[%emt 0:00:02]} 26. Rdd2 {[%emt 0:00:36]} Bxh3 {[%emt 0:00:04]} 27. Bxc6 {[%emt 0:00:19]} Rc8 {[%emt 0:02:14]} 28. b4 {[%emt 0:00:01]} Bf5 {[%emt 0:00:01]} 29. Rc1 {[%emt 0:02:10]} Bg5 {[%emt 0:01:54]} 30. f4 {[%emt 0:00:19]} Ra3 {[%emt 0:00:54]} 31. fxg5 {[%emt 0:00:05]} Rxc6 {[%emt 0:00:02]} 32. b5 {[%emt 0:00:01]} Rc8 {[%emt 0:00:01]} 33. Bxa3 {[%emt 0:00:02]} 1-0

[Event "RUS-chT Men Rapid 2019"]
[Site "Sochi"]
[Date "2019.10.18"]
[Round "1.28"]
[White "Rudakov, Sergey S."]
[Black "Utnasunov, Alexander"]
[Result "1-0"]
[WhiteElo "1855"]
[BlackElo "2442"]
[Annotator "NA"]
[PlyCount "81"]
[EventDate "2019.10.18"]
[EventType "swiss"]
[EventCountry "RUS"]
[SourceTitle "playchess.com"]
[Source "ChessBase"]
[SourceQuality "1"]
[TimeControl "900+10"]

1. e4 {[%emt 0:00:00]} c5 {[%emt 0:00:00]} 2. Nf3 {[%emt 0:00:00]} d6 {[%emt 0:00:00]} 3. d4 {[%emt 0:00:06]} cxd4 {[%emt 0:00:00]} 4. Qxd4 {[%emt 0:00:02]} Nc6 {[%emt 0:00:00]} 5. Bb5 {[%emt 0:00:05]} Bd7 {[%emt 0:00:00]} 6. Bxc6 {[%emt 0:00:02]} Bxc6 {[%emt 0:00:00]} 7. c4 {[%emt 0:00:02]} Nf6 {[%emt 0:00:22]} 8. Nc3 {[%emt 0:00:02]} g6 {[%emt 0:00:04]} 9. O-O {[%emt 0:01:56]} Bg7 {[%emt 0:00:04]} 10. Qd3 {[%emt 0:00:09]} O-O {[%emt 0:00:09]} 11. h3 {[%emt 0:02:52]} a6 {[%emt 0:00:08]} 12. Be3 {[%emt 0:00:36]} Qa5 {[%emt 0:00:46]} 13. a3 {[%emt 0:01:08]} Rfc8 {[%emt 0:00:15]} 14. b4 {[%emt 0:00:22]} Qc7 {[%emt 0:00:16]} 15. Rac1 {[%emt 0:00:13]} Nd7 {[%emt 0:01:54]} 16. Nd5 {[%emt 0:00:07]} Qd8 {[%emt 0:00:20]} 17. Bd4 {[%emt 0:00:51]} b5 {[%emt 0:01:31]} 18. Bxg7 {[%emt 0:00:28]} Kxg7 {[%emt 0:00:02]} 19. c5 {[%emt 0:00:32]} dxc5 {[%emt 0:01:12]} 20. bxc5 {[%emt 0:00:06]} e6 {[%emt 0:00:23]} 21. Qd4+ {[%emt 0:01:20]} Kg8 {[%emt 0:00:33]} 22. Ne3 {[%emt 0:00:19]} Nf6 {[%emt 0:00:30]} 23. Qe5 {[%emt 0:01:04]} Bxe4 {[%emt 0:00:54]} 24. Rfd1 {[%emt 0:00:07]} Qe7 {[%emt 0:00:04]} 25. Nd4 {[%emt 0:01:29]} Ra7 {[%emt 0:02:22]} 26. f3 {[%emt 0:00:08]} Ba8 {[%emt 0:00:06]} 27. Nb3 {[%emt 0:01:56]} Rd7 {[%emt 0:00:03]} 28. Rxd7 {[%emt 0:00:11]} Nxd7 {[%emt 0:00:03]} 29. Qd4 {[%emt 0:00:17]} e5 {[%emt 0:00:16]} 30. Qc3 {[%emt 0:00:01]} Qg5 {[%emt 0:00:23]} 31. Rd1 {[%emt 0:00:55]} Bxf3 {[%emt 0:00:13]} 32. Rxd7 {[%emt 0:00:06]} Bc6 {[%emt 0:00:13]} 33. Rd1 {[%emt 0:00:09]} f5 {[%emt 0:00:16]} 34. Na5 {[%emt 0:00:17]} Be4 {[%emt 0:00:13]} 35. c6 {[%emt 0:00:14]} f4 {[%emt 0:00:09]} 36. Ng4 {[%emt 0:00:03]} Re8 {[%emt 0:01:20]} 37. c7 {[%emt 0:00:15]} Bf5 {[%emt 0:00:01]} 38. Qc6 {[%emt 0:00:13]} Rf8 {[%emt 0:00:23]} 39. Qd5+ {[%emt 0:00:06]} Kg7 {[%emt 0:00:17]} 40. Qxe5+ {[%emt 0:00:01]} Kg8 {[%emt 0:00:00]} 41. Rd7 {[%emt 0:00:02]} 1-0

[Event "RUS-chT Men Rapid 2019"]
[Site "Sochi"]
[Date "2019.10.18"]
[Round "2.1"]
[White "Kokarev, Dmitry"]
[Black "Tsydypov, Zhamsaran"]
[Result "1/2-1/2"]
[WhiteElo "2593"]
[BlackElo "2553"]
[Annotator "ChessBase"]
[PlyCount "76"]
[EventDate "2019.10.18"]
[EventType "swiss"]
[EventCountry "RUS"]
[SourceTitle "playchess.com"]
[Source "ChessBase"]
[SourceQuality "1"]
[TimeControl "900+10"]

1. e4 {[%emt 0:00:00]} c5 {[%emt 0:00:19]} 2. Nf3 {[%emt 0:00:00]} d6 {[%emt 0:00:02]} 3. d4 {[%emt 0:00:00]} cxd4 {[%emt 0:00:02]} 4. Nxd4 {[%emt 0:00:03]} Nf6 {[%emt 0:00:04]} 5. f3 {[%emt 0:00:02]} e5 {[%emt 0:00:48]} 6. Nb3 {[%emt 0:00:02]} a5 {[%emt 0:00:49]} 7. Bb5+ {[%emt 0:00:08]} Nc6 {[%emt 0:00:21]} 8. c4 {[%emt 0:00:53]} a4 {[%emt 0:02:28]} 9. N3d2 {[%emt 0:00:03]} Qb6 {[%emt 0:00:03]} 10. Nc3 {[%emt 0:00:49]} Qe3+ {[%emt 0:00:34]} 11. Qe2 {[%emt 0:00:17]} Qxe2+ {[%emt 0:00:08]} 12. Kxe2 {[%emt 0:01:44]} Bd7 {[%emt 0:00:05]} 13. Kd1 {[%emt 0:01:11]} Nd4 {[%emt 0:00:58]} 14. Bxd7+ {[%emt 0:00:14]} Kxd7 {[%emt 0:00:20]} 15. Nf1 {[%emt 0:00:03]} Be7 {[%emt 0:01:12]} 16. Ne3 {[%emt 0:00:08]} Rhc8 {[%emt 0:00:13]} 17. Bd2 {[%emt 0:00:04]} Bd8 {[%emt 0:00:17]} 18. Rb1 {[%emt 0:00:46]} Ra6 {[%emt 0:00:40]} 19. Be1 {[%emt 0:02:33]} Ba5 {[%emt 0:00:54]} 20. Bh4 {[%emt 0:00:35]} Nh5 {[%emt 0:00:02]} 21. Nxa4 {[%emt 0:01:14]} Bd8 {[%emt 0:00:28]} 22. Bxd8 {[%emt 0:00:09]} Rxa4 {[%emt 0:00:02]} 23. Bb6 {[%emt 0:00:40]} Rxa2 {[%emt 0:00:36]} 24. Bxd4 {[%emt 0:00:02]} exd4 {[%emt 0:00:02]} 25. Nd5 {[%emt 0:00:02]} Kd8 {[%emt 0:00:29]} 26. Kc2 {[%emt 0:00:33]} b5 {[%emt 0:00:59]} 27. Kd3 {[%emt 0:03:07]} Rxc4 {[%emt 0:00:37]} 28. Ra1 {[%emt 0:00:48]} Rxb2 {[%emt 0:00:45]} 29. Ra8+ {[%emt 0:00:03]} Rc8 {[%emt 0:00:03]} 30. Rxc8+ {[%emt 0:00:02]} Kxc8 {[%emt 0:00:02]} 31. Rc1+ {[%emt 0:00:09]} Kd8 {[%emt 0:00:35]} 32. g4 {[%emt 0:00:56]} Nf6 {[%emt 0:00:06]} 33. Nxf6 {[%emt 0:00:04]} gxf6 {[%emt 0:00:04]} 34. Kxd4 {[%emt 0:00:01]} Rxh2 {[%emt 0:01:10]} 35. Rb1 {[%emt 0:00:06]} h5 {[%emt 0:01:02]} 36. Rxb5 {[%emt 0:00:02]} hxg4 {[%emt 0:00:06]} 37. fxg4 {[%emt 0:00:01]} Ke7 {[%emt 0:00:25]} 38. Ke3 {[%emt 0:00:05]} Rh3+ {[%emt 0:00:14]} 1/2-1/2

[Event "RUS-chT Men Rapid 2019"]
[Site "Sochi"]
[Date "2019.10.18"]
[Round "2.2"]
[White "Triapishko, Alexandr"]
[Black "Shariyazdanov, Andrey"]
[Result "1/2-1/2"]
[WhiteElo "2514"]
[BlackElo "2519"]
[Annotator "ChessBase"]
[PlyCount "63"]
[EventDate "2019.10.18"]
[EventType "swiss"]
[EventCountry "RUS"]
[SourceTitle "playchess.com"]
[Source "ChessBase"]
[SourceQuality "1"]
[TimeControl "900+10"]

1. Nf3 {[%emt 0:01:45]} g6 {[%emt 0:00:00]} 2. e4 {[%emt 0:00:43]} Bg7 {[%emt 0:00:00]} 3. d4 {[%emt 0:00:01]} d6 {[%emt 0:00:01]} 4. c3 {[%emt 0:00:07]} Nf6 {[%emt 0:00:12]} 5. Bd3 {[%emt 0:00:14]} Nc6 {[%emt 0:00:16]} 6. O-O {[%emt 0:00:47]} O-O {[%emt 0:00:24]} 7. Nbd2 {[%emt 0:00:53]} e5 {[%emt 0:00:11]} 8. dxe5 {[%emt 0:00:11]} Nxe5 {[%emt 0:00:13]} 9. Nxe5 {[%emt 0:00:10]} dxe5 {[%emt 0:00:01]} 10. Nc4 {[%emt 0:01:09]} Qe7 {[%emt 0:00:10]} 11. a4 {[%emt 0:01:58]} Nh5 {[%emt 0:00:54]} 12. g3 {[%emt 0:00:31]} Bh3 {[%emt 0:00:24]} 13. Re1 {[%emt 0:00:24]} Rfd8 {[%emt 0:00:33]} 14. Qe2 {[%emt 0:02:52]} Nf6 {[%emt 0:01:12]} 15. f3 {[%emt 0:00:53]} Rd7 {[%emt 0:04:55]} 16. Be3 {[%emt 0:00:24]} h5 {[%emt 0:00:08]} 17. Rad1 {[%emt 0:00:29]} h4 {[%emt 0:00:13]} 18. Qf2 {[%emt 0:03:15]} hxg3 {[%emt 0:04:49]} 19. hxg3 {[%emt 0:00:15]} Rad8 {[%emt 0:02:04]} 20. Be2 {[%emt 0:00:06]} Rxd1 {[%emt 0:00:10]} 21. Rxd1 {[%emt 0:00:02]} Bd7 {[%emt 0:00:12]} 22. b3 {[%emt 0:00:30]} b6 {[%emt 0:00:01]} 23. Bf1 {[%emt 0:00:44]} Be6 {[%emt 0:00:21]} 24. Rxd8+ {[%emt 0:00:09]} Qxd8 {[%emt 0:00:01]} 25. Qd2 {[%emt 0:00:07]} Qxd2 {[%emt 0:00:08]} 26. Nxd2 {[%emt 0:00:09]} Nd7 {[%emt 0:00:15]} 27. b4 {[%emt 0:00:10]} f5 {[%emt 0:00:13]} 28. Bc4 {[%emt 0:00:11]} Kf7 {[%emt 0:00:03]} 29. Bxe6+ {[%emt 0:00:25]} Kxe6 {[%emt 0:00:01]} 30. Kf1 {[%emt 0:00:03]} Bf8 {[%emt 0:00:23]} 31. Ke2 {[%emt 0:00:06]} a6 {[%emt 0:00:06]} 32. Kd3 {[%emt 0:00:14]} 1/2-1/2

[Event "RUS-chT Men Rapid 2019"]
[Site "Sochi"]
[Date "2019.10.18"]
[Round "2.3"]
[White "Ulybin, Mikhail"]
[Black "Moiseenko, Vadim"]
[Result "0-1"]
[WhiteElo "2455"]
[BlackElo "2532"]
[Annotator "ChessBase"]
[PlyCount "88"]
[EventDate "2019.10.18"]
[EventType "swiss"]
[EventCountry "RUS"]
[SourceTitle "playchess.com"]
[Source "ChessBase"]
[SourceQuality "1"]
[TimeControl "900+10"]

1. e4 {[%emt 0:00:07]} e5 {[%emt 0:00:04]} 2. Nf3 {[%emt 0:00:06]} Nc6 {[%emt 0:00:03]} 3. Bb5 {[%emt 0:00:05]} a6 {[%emt 0:00:04]} 4. Ba4 {[%emt 0:00:04]} b5 {[%emt 0:00:32]} 5. Bb3 {[%emt 0:00:04]} Na5 {[%emt 0:00:01]} 6. d4 {[%emt 0:02:38]} exd4 {[%emt 0:00:02]} 7. Qxd4 {[%emt 0:00:22]} Bb7 {[%emt 0:00:21]} 8. Bg5 {[%emt 0:01:24]} f6 {[%emt 0:00:52]} 9. Bxg8 {[%emt 0:01:14]} fxg5 {[%emt 0:00:48]} 10. Bd5 {[%emt 0:01:06]} c6 {[%emt 0:00:11]} 11. Bb3 {[%emt 0:00:34]} c5 {[%emt 0:00:59]} 12. Qe5+ {[%emt 0:00:10]} Qe7 {[%emt 0:00:01]} 13. Bd5 {[%emt 0:01:06]} Qxe5 {[%emt 0:00:03]} 14. Nxe5 {[%emt 0:00:03]} Bxd5 {[%emt 0:00:01]} 15. exd5 {[%emt 0:00:03]} Bd6 {[%emt 0:00:15]} 16. Nf3 {[%emt 0:02:36]} g4 {[%emt 0:00:37]} 17. Nfd2 {[%emt 0:00:33]} O-O {[%emt 0:00:02]} 18. Nc3 {[%emt 0:02:31]} Rae8+ {[%emt 0:00:08]} 19. Nce4 {[%emt 0:00:15]} Nc4 {[%emt 0:00:57]} 20. O-O {[%emt 0:01:55]} Nxd2 {[%emt 0:00:07]} 21. Nxd6 {[%emt 0:00:13]} Re5 {[%emt 0:00:39]} 22. Rfe1 {[%emt 0:00:59]} Rxd5 {[%emt 0:00:11]} 23. Nb7 {[%emt 0:00:19]} c4 {[%emt 0:02:34]} 24. b4 {[%emt 0:00:11]} c3 {[%emt 0:00:25]} 25. a4 {[%emt 0:00:15]} Nc4 {[%emt 0:00:24]} 26. axb5 {[%emt 0:00:06]} axb5 {[%emt 0:00:02]} 27. Re2 {[%emt 0:00:12]} Rd2 {[%emt 0:00:25]} 28. Kf1 {[%emt 0:00:14]} Rxc2 {[%emt 0:02:49]} 29. Rxc2 {[%emt 0:00:04]} Ne3+ {[%emt 0:00:01]} 30. Ke2 {[%emt 0:00:07]} Nxc2 {[%emt 0:00:03]} 31. Rc1 {[%emt 0:00:04]} Nxb4 {[%emt 0:00:19]} 32. Rxc3 {[%emt 0:00:04]} Nd5 {[%emt 0:00:01]} 33. Rb3 {[%emt 0:00:21]} Rc8 {[%emt 0:01:14]} 34. Nd6 {[%emt 0:00:20]} Rc2+ {[%emt 0:00:02]} 35. Kd3 {[%emt 0:00:04]} Rc6 {[%emt 0:00:40]} 36. Nxb5 {[%emt 0:00:12]} Nf4+ {[%emt 0:00:01]} 37. Kd4 {[%emt 0:00:10]} Nxg2 {[%emt 0:00:40]} 38. Nc3 {[%emt 0:00:12]} h5 {[%emt 0:00:41]} 39. Ne4 {[%emt 0:00:08]} Nf4 {[%emt 0:00:32]} 40. Rb7 {[%emt 0:00:10]} d5 {[%emt 0:00:13]} 41. Ng5 {[%emt 0:00:08]} Rc8 {[%emt 0:00:59]} 42. Ke5 {[%emt 0:00:16]} Rf8 {[%emt 0:00:07]} 43. Rd7 {[%emt 0:00:12]} Ng6+ {[%emt 0:00:02]} 44. Kxd5 {[%emt 0:00:07]} Rf5+ {[%emt 0:00:01]} 0-1

[Event "RUS-chT Men Rapid 2019"]
[Site "Sochi"]
[Date "2019.10.18"]
[Round "2.4"]
[White "Rozum, Ivan"]
[Black "Pingin, Artem"]
[Result "0-1"]
[WhiteElo "2599"]
[BlackElo "2048"]
[Annotator "ChessBase"]
[PlyCount "105"]
[EventDate "2019.10.18"]
[EventType "swiss"]
[EventCountry "RUS"]
[SourceTitle "playchess.com"]
[Source "ChessBase"]
[SourceQuality "1"]
[TimeControl "900+10"]

1. d4 {[%emt 0:00:00]} Nf6 {[%emt 0:00:00]} 2. c4 {[%emt 0:00:02]} e6 {[%emt 0:00:00]} 3. Nf3 {[%emt 0:00:01]} b6 {[%emt 0:00:00]} 4. g3 {[%emt 0:00:02]} Bb7 {[%emt 0:00:00]} 5. Bg2 {[%emt 0:00:01]} Bb4+ {[%emt 0:00:00]} 6. Bd2 {[%emt 0:00:01]} Be7 {[%emt 0:00:00]} 7. O-O {[%emt 0:00:02]} O-O {[%emt 0:00:00]} 8. Nc3 {[%emt 0:00:02]} c6 {[%emt 0:00:01]} 9. Bf4 {[%emt 0:00:42]} d5 {[%emt 0:00:02]} 10. Rc1 {[%emt 0:00:11]} Nh5 {[%emt 0:01:57]} 11. Bd2 {[%emt 0:02:16]} Nf6 {[%emt 0:00:20]} 12. Bg5 {[%emt 0:01:32]} h6 {[%emt 0:00:37]} 13. Bxf6 {[%emt 0:00:03]} Bxf6 {[%emt 0:00:02]} 14. e4 {[%emt 0:00:08]} dxc4 {[%emt 0:00:03]} 15. e5 {[%emt 0:00:39]} Be7 {[%emt 0:00:04]} 16. Qe2 {[%emt 0:00:02]} b5 {[%emt 0:00:25]} 17. Ne4 {[%emt 0:00:03]} Nd7 {[%emt 0:00:31]} 18. b3 {[%emt 0:00:02]} Qa5 {[%emt 0:03:28]} 19. bxc4 bxc4 {[%emt 0:00:02]} 20. Nfd2 {[%emt 0:02:11]} Nb6 {[%emt 0:01:43]} 21. Qe3 {[%emt 0:01:52]} Rfd8 {[%emt 0:01:57]} 22. Nc5 {[%emt 0:00:23]} Bxc5 {[%emt 0:00:21]} 23. dxc5 {[%emt 0:00:01]} Qxd2 {[%emt 0:00:09]} 24. cxb6 {[%emt 0:02:57]} Qxe3 {[%emt 0:00:09]} 25. fxe3 {[%emt 0:00:01]} axb6 {[%emt 0:00:01]} 26. Rf2 {[%emt 0:00:08]} c3 {[%emt 0:02:12]} 27. Rxc3 {[%emt 0:00:47]} Rd1+ {[%emt 0:00:01]} 28. Rf1 {[%emt 0:02:19]} Rxf1+ {[%emt 0:00:03]} 29. Kxf1 {[%emt 0:00:01]} Rxa2 {[%emt 0:00:03]} 30. Kg1 {[%emt 0:00:21]} Ra5 {[%emt 0:00:35]} 31. Rd3 {[%emt 0:00:13]} Rxe5 {[%emt 0:00:45]} 32. Rd8+ {[%emt 0:00:01]} Kh7 {[%emt 0:00:01]} 33. Rd7 {[%emt 0:00:01]} Ba6 {[%emt 0:00:09]} 34. Bxc6 {[%emt 0:00:11]} Kg6 {[%emt 0:01:02]} 35. Ra7 {[%emt 0:00:01]} Bb5 {[%emt 0:00:06]} 36. Bf3 {[%emt 0:01:11]} Rxe3 {[%emt 0:00:11]} 37. Kf2 {[%emt 0:00:00]} Rb3 {[%emt 0:00:16]} 38. h4 {[%emt 0:00:02]} Bc4 {[%emt 0:00:43]} 39. Rd7 {[%emt 0:00:38]} Kf6 {[%emt 0:00:38]} 40. g4 {[%emt 0:00:22]} g6 {[%emt 0:00:37]} 41. Rd8 {[%emt 0:00:53]} Rb5 {[%emt 0:00:20]} 42. Ke3 {[%emt 0:00:33]} Bd5 {[%emt 0:00:05]} 43. Bd1 {[%emt 0:00:15]} Rb4 {[%emt 0:00:09]} 44. h5 {[%emt 0:00:24]} b5 {[%emt 0:00:50]} 45. hxg6 {[%emt 0:00:05]} Kxg6 {[%emt 0:00:05]} 46. Rb8 {[%emt 0:00:12]} Kg7 {[%emt 0:00:04]} 47. Be2 {[%emt 0:00:06]} Rb3+ {[%emt 0:00:20]} 48. Kd4 {[%emt 0:00:04]} b4 {[%emt 0:00:03]} 49. Bd1 {[%emt 0:00:14]} Rb2 {[%emt 0:00:03]} 50. Ke5 {[%emt 0:00:14]} b3 {[%emt 0:00:11]} 51. g5 {[%emt 0:00:22]} hxg5 {[%emt 0:00:06]} 52. Bh5 {[%emt 0:00:01]} Rh2 {[%emt 0:00:09]} 53. Kd4 0-1

[Event "RUS-chT Men Rapid 2019"]
[Site "Sochi"]
[Date "2019.10.18"]
[Round "2.5"]
[White "Grachev, Boris"]
[Black "Yudin, Sergei"]
[Result "1/2-1/2"]
[WhiteElo "2621"]
[BlackElo "2497"]
[Annotator "TA"]
[PlyCount "89"]
[EventDate "2019.10.18"]
[EventType "swiss"]
[EventCountry "RUS"]
[SourceTitle "playchess.com"]
[Source "ChessBase"]
[SourceQuality "1"]

{[%evp 9,89,35,33,20,25,12,29,33,27,3,22,10,8,-32,-21,-23,-17,-8,9,8,9,15,7,-14,0,-8,29,-30,-29,-30,-31,-40,-40,-40,-40,-40,-40,-40,-40,-48,-38,-75,-6,-73,-77,-327,-325,-355,-323,-293,-171,-159,-154,-161,-160,-263,-161,-165,-178,-332,-125,-212,-204,-184,-212,-322,0,0,0,0,0,0,0,0,0,0,0,0,0,0,0,0]} 1. c4 e6 2. Nf3 d5 3. e3 f5 4. b3 Nf6 5. Bb2 Bd6 6. Be2 {A10: English Opening: Unusual Replies for Black} c6 7. O-O Qe7 8. Qc2 {White has an edge.} O-O 9. Nc3 {[%cal Bb1c3,Bc3a4,Ba4b2,Bb2d3][%mdl 32]} a6 $146 ({Predecessor:} 9... b6 10. Rac1 dxc4 11. Bxc4 b5 12. Be2 Na6 13. d4 {½-½ (34) Hafner,M (2501)-Van Tienhoven,R (2393) ICCF email 2009}) 10. Na4 Nbd7 11. cxd5 cxd5 12. Bxf6 Rxf6 13. d4 b5 14. Nb2 $1 Bb7 15. Nd3 Rff8 16. a4 Rfc8 17. Qd2 Nf6 18. Rfc1 (18. axb5 $142 $1 Ne4 19. Qb2) 18... Ne4 $11 19. Qe1 b4 $36 {[%cal Bb5b4,Bb4c3][%mdl 2080] White is under pressure.} 20. Rxc8+ Rxc8 21. Rc1 Rc3 22. Rxc3 bxc3 23. Bd1 a5 24. Bc2 Ba6 25. Nfe5 Nd2 ({Black should try} 25... Qc7 $17 26. Qd1 h6) 26. f4 (26. Qa1 $1 $11 {keeps the balance.} Ne4 27. f3 Bxd3 28. Bxd3) 26... Bxe5 27. fxe5 $2 (27. Nxe5 $17 Qa3 28. Qd1) 27... Bxd3 $19 28. Bxd3 h6 29. Bc2 {[#]} Qa3 (29... f4 $142 $1 {[%mdl 512]} 30. Qe2 (30. exf4 Qb4) 30... fxe3 31. Qxe3 Qa3) 30. Qd1 Qb2 31. h3 g6 32. Kh2 (32. Kf2 $17 {is a better defense.}) 32... Kg7 33. Kg3 g5 34. h4 $2 (34. Kh2) 34... Kg6 $2 (34... Ne4+ $19 35. Kf3 gxh4) 35. Kh3 {[#]} (35. hxg5 $17 {was necessary.} hxg5 36. Kh2) 35... Ne4 $1 {[%cal Re4f2]} 36. h5+ {[#]} Kg7 $1 37. Qe2 (37. Kh2 {was forced.} Nd2 38. Kg1) 37... Qc1 $2 (37... g4+ $19 38. Kh2 Qa2) 38. Kh2 $11 {The position is equal.} g4 {( -> ...g3+)} (38... Nd2 $5 39. Bd1 $8 Kf8 $11) 39. Bxe4 $1 {Black must now prevent Bc2.} dxe4 {[%mdl 4096] Endgame KQ-KQ} 40. Qc4 {[#]} g3+ $1 {[%mdl 512]} 41. Kh3 (41. Kxg3 Qxe3+) 41... Qh1+ 42. Kxg3 {aiming for Qc7+.} Qe1+ 43. Kh2 {Qc7+ is the strong threat.} Qh4+ 44. Kg1 {Hoping for Qc7+.} Qe1+ 45. Kh2 {Accuracy: White = 39%, Black = 55%.} 1/2-1/2

[Event "RUS-chT Men Rapid 2019"]
[Site "Sochi"]
[Date "2019.10.18"]
[Round "2.6"]
[White "Khegay, Dmitriy"]
[Black "Potkin, Vladimir"]
[Result "0-1"]
[WhiteElo "2509"]
[BlackElo "2583"]
[Annotator "ChessBase"]
[PlyCount "100"]
[EventDate "2019.10.18"]
[EventType "swiss"]
[EventCountry "RUS"]
[SourceTitle "playchess.com"]
[Source "ChessBase"]
[SourceQuality "1"]
[TimeControl "900+10"]

1. e4 {[%emt 0:00:00]} c5 {[%emt 0:00:00]} 2. Nf3 {[%emt 0:00:00]} d6 {[%emt 0:00:00]} 3. d4 {[%emt 0:00:00]} cxd4 {[%emt 0:00:00]} 4. Qxd4 {[%emt 0:00:00]} Nf6 {[%emt 0:00:00]} 5. c4 {[%emt 0:00:55]} Nc6 {[%emt 0:00:01]} 6. Qe3 {[%emt 0:00:01]} e6 {[%emt 0:02:02]} 7. Be2 {[%emt 0:00:01]} Be7 {[%emt 0:00:02]} 8. O-O {[%emt 0:00:02]} O-O {[%emt 0:00:02]} 9. Rd1 {[%emt 0:00:04]} Re8 {[%emt 0:00:23]} 10. Nc3 {[%emt 0:00:07]} Bd7 {[%emt 0:00:58]} 11. h3 {[%emt 0:00:02]} Rc8 {[%emt 0:00:41]} 12. b3 {[%emt 0:00:02]} Qa5 {[%emt 0:01:04]} 13. Bb2 {[%emt 0:00:05]} a6 {[%emt 0:00:24]} 14. Rac1 {[%emt 0:01:05]} Ne5 {[%emt 0:00:05]} 15. Nd4 {[%emt 0:00:32]} Bf8 {[%emt 0:00:32]} 16. Kh1 {[%emt 0:00:51]} g6 {[%emt 0:03:03]} 17. f4 {[%emt 0:02:34]} Nc6 {[%emt 0:00:22]} 18. Nxc6 {[%emt 0:00:04]} Bxc6 {[%emt 0:00:02]} 19. e5 {[%emt 0:00:02]} dxe5 {[%emt 0:00:38]} 20. fxe5 {[%emt 0:00:01]} Nd7 {[%emt 0:00:06]} 21. Rxd7 {[%emt 0:00:07]} Bxd7 {[%emt 0:00:09]} 22. Ne4 {[%emt 0:00:01]} Bg7 {[%emt 0:01:03]} 23. Bc3 {[%emt 0:02:34]} Qc7 {[%emt 0:00:57]} 24. Rd1 {[%emt 0:01:59]} Bc6 {[%emt 0:01:21]} 25. Nf6+ {[%emt 0:00:26]} Kh8 {[%emt 0:01:14]} 26. Rd4 {[%emt 0:01:13]} Qb6 {[%emt 0:00:41]} 27. Qg5 {[%emt 0:02:36]} Qc5 {[%emt 0:01:57]} 28. Rh4 {[%emt 0:02:57]} Bxf6 {[%emt 0:00:15]} 29. Qxf6+ {[%emt 0:00:01]} Kg8 {[%emt 0:00:01]} 30. Bd2 {[%emt 0:00:17]} Qe7 {[%emt 0:00:13]} 31. Qf4 {[%emt 0:00:01]} Rcd8 {[%emt 0:00:47]} 32. Qh6 {[%emt 0:00:07]} f6 {[%emt 0:00:09]} 33. exf6 {[%emt 0:00:03]} Qf7 {[%emt 0:00:01]} 34. Bc3 {[%emt 0:01:13]} e5 {[%emt 0:00:08]} 35. Qg5 {[%emt 0:00:02]} Rd6 {[%emt 0:00:44]} 36. Qe3 {[%emt 0:00:38]} Rxf6 {[%emt 0:00:06]} 37. Rg4 {[%emt 0:00:04]} Rf4 {[%emt 0:00:18]} 38. Rg5 {[%emt 0:00:04]} Rf5 {[%emt 0:00:12]} 39. Rg3 {[%emt 0:00:14]} Qf6 {[%emt 0:00:24]} 40. b4 {[%emt 0:00:14]} Qf7 {[%emt 0:00:11]} 41. Kh2 {[%emt 0:00:04]} Rf4 {[%emt 0:00:05]} 42. Bd3 {[%emt 0:00:15]} Rf6 {[%emt 0:00:16]} 43. Rg5 {[%emt 0:00:12]} Rfe6 {[%emt 0:00:07]} 44. Rg3 {[%emt 0:00:08]} Qf4 {[%emt 0:00:06]} 45. Qc5 {[%emt 0:00:01]} h5 {[%emt 0:00:20]} 46. h4 {[%emt 0:00:01]} Qxh4+ {[%emt 0:00:01]} 47. Rh3 {[%emt 0:00:00]} Qf4+ {[%emt 0:00:01]} 48. Kg1 {[%emt 0:00:26]} Qc1+ {[%emt 0:00:04]} 49. Kh2 {[%emt 0:00:08]} Qxc3 {[%emt 0:00:12]} 50. Bxg6 {[%emt 0:00:01]} Qd4 {[%emt 0:00:02]} 0-1